000 00357 a2200157 4500
001 192689
020 _a978-0-2304-0494-6
040 _cMagnum
100 _aOrmerod, Mark
240 1 0 _aWhere does our rubbish go?
_lING
245 1 0 _aWhere does our rubbish go?
300 _a31
362 0 _a2011
697 _aLITERATURA INFANTIL INGLESA
942 _cBK
999 _c192689
_d192689